| 000 | 00385nam a2200145 4500 | ||
|---|---|---|---|
| 003 | LK-CoMWRAF | ||
| 005 | 20240128221901.0 | ||
| 008 | 240128b |||||||| |||| 00| 0 eng d | ||
| 040 |
_aLK-CoMWRAF _dLK-CoMWRAF _eLK-CoMWRAF |
||
| 041 | _asin | ||
| 082 |
_a954.93 _bSRI |
||
| 245 | _aශ්රී ලංකාව කොයිබටද? | ||
| 246 | _aSri Lankawa koibatada | ||
| 942 | _cBK | ||
| 999 |
_c4689 _d4689 |
||